ARRUPE JESUIT UNIVERSITY

CORONAVIRUS -STOP THE SPREAD - CLEAN,DISINFECT,COVER

Johann Gottfried Herder : (Record no. 123105)

MARC details
000 -LEADER
fixed length control field 01249cam a22003254a 4500
001 - CONTROL NUMBER
control field 13401879
003 - CONTROL NUMBER IDENTIFIER
control field ARRUPE
005 - DATE AND TIME OF LATEST TRANSACTION
control field 20150908085304.0
008 - FIXED-LENGTH DATA ELEMENTS--GENERAL INFORMATION
fixed length control field 031113s2004 inu b 001 0 eng
010 ## - LIBRARY OF CONGRESS CONTROL NUMBER
LC control number 2003056881
020 ## - INTERNATIONAL STANDARD BOOK NUMBER
International Standard Book Number 0872207161
020 ## - INTERNATIONAL STANDARD BOOK NUMBER
International Standard Book Number 0872207153 (paper)
040 ## - CATALOGING SOURCE
Original cataloging agency DLC
Transcribing agency DLC
Modifying agency DLC
041 1# - LANGUAGE CODE
Language code of text/sound track or separate title eng
Language code of original and/or intermediate translations of text ger
042 ## - AUTHENTICATION CODE
Authentication code pcc
050 00 - LIBRARY OF CONGRESS CALL NUMBER
Classification number B3051.Z7
Item number J6 2004
082 00 - DEWEY DECIMAL CLASSIFICATION NUMBER
Classification number 901
Edition number 22
300 ## - PHYSICAL DESCRIPTION
Dimensions 22 cm.
245 00 - TITLE STATEMENT
Title Johann Gottfried Herder :
Remainder of title another philosophy of history and selected political writings /
Statement of responsibility, etc translated with introduction and notes, by Ioannis D. Evrigenis and Daniel Pellerin.
260 ## - PUBLICATION, DISTRIBUTION, ETC. (IMPRINT)
Place of publication, distribution, etc Indianapolis, IN :
Name of publisher, distributor, etc Hackett Pub.,
Date of publication, distribution, etc c2004.
300 ## - PHYSICAL DESCRIPTION
Extent lviii, 166 p. ;
504 ## - BIBLIOGRAPHY, ETC. NOTE
Bibliography, etc Includes bibliographical references (p. 143-156) and index.
600 10 - SUBJECT ADDED ENTRY--PERSONAL NAME
Personal name Herder, Johann Gottfried,
Dates associated with a name 1744-1803.
9 (RLIN) 18769
650 #0 - SUBJECT ADDED ENTRY--TOPICAL TERM
Topical term or geographic name as entry element History
General subdivision Philosophy.
9 (RLIN) 18770
650 #0 - SUBJECT ADDED ENTRY--TOPICAL TERM
Topical term or geographic name as entry element Philosophy.
9 (RLIN) 18771
700 1# - ADDED ENTRY--PERSONAL NAME
Personal name Evrigenis, Ioannis D.,
Dates associated with a name 1971-
9 (RLIN) 18772
700 1# - ADDED ENTRY--PERSONAL NAME
Personal name Pellerin, Daniel,
Dates associated with a name 1972-
9 (RLIN) 18773
906 ## - LOCAL DATA ELEMENT F, LDF (RLIN)
a 7
b cbc
c orignew
d 1
e ocip
f 20
g y-gencatlg
942 ## - ADDED ENTRY ELEMENTS (KOHA)
Source of classification or shelving scheme Library of Congress Classification
Koha item type Monograph ( Printed materials)
Holdings
Withdrawn status Lost status Source of classification or shelving scheme Damaged status Not for loan Collection code Home library Current library Shelving location Date acquired Total Checkouts Full call number Barcode Date last seen Price effective from Koha item type
    Library of Congress Classification     Main Collection ARRUPE LIBRARY ARRUPE LIBRARY Main Collection 26/08/2015   B3051.Z7 J6 2004 46500004160 26/08/2015 26/08/2015 Monograph ( Printed materials)

 

Arrupe Library. PO Box MP320 Mt Pleasant, Harare, Zimbabwe
263 242 745411|librarian@aju.ac.zw